000 00726nam a2200193Ii 4500
003 JO-AjNU
008 230605s9999||||xx |||||||||||||| ||und||
040 _aJO-AjNU
_bara
_erda
_cJO-AjNU
041 _aara
050 1 4 _aQA268.J4734 1982
100 3 _aجربو,داخل حسن/الموسوي,محمد جواد عبدالله,
_eauthor
_915056
245 0 0 _aاسس التصميم المنطقي وتطبيقاتة
264 3 1 _aبغداد:جامعة الموصل, ، 1982
300 _a335ص
336 _atext
_btxt
_2rdacontent
337 _aunmediated
_bn
_2rdamedia
338 _avolume
_bnc
_2rdacarrier
650 4 _aنظم المعلومات الاداريه-الحاسيات الالكترونية -تصميم
_915057
999 _aA4163
_c7731
_d7731